000 00520cam a2200157 a 4500
020 _a0872629414
082 0 0 _a625.7
_bSCH
_cL-39, P-192
100 1 _aSchoon, John G.
_924197
245 1 0 _aGeometric design projects for highways :
_ban introduction /
_cJ.G. Schoon.
260 _aNew York, N.Y. :
_bAmerican Society of Civil Engineers,
_cc1993.
300 _axiii, 136 p. :
_bill., maps ;
_c28 cm.
526 _a0
_b0
_c0
_d625_700000000000000_SCH
650 0 _aHighway engineering.
650 0 _aMCE
_9379
942 _2ddc
_cBK
999 _c550024
_d550024